MDQL
is popping MORE tags! Check the
thread
!
Quizzes
Events
Quiz Creation
Community
Videos
Private Events
Remove Ads
Sign In
Join for FREE
Feedback
Dark Mode
Quiz Categories
Sports
Geography
Music
Movies
Television
Just For Fun
Miscellaneous
History
Literature
Language
Science
Gaming
Entertainment
Religion
Holiday
For Kids
Quiz Lab
Recent
Popular Today
Quiz Kudos Today
Editor Picks
Curator Picks
Quizzes by...
Day
Popularity
Type
Ratings
Length
Year
Community
Subscriptions
Recent Discussions
Orange Saloon
Badges
Playlists
Quests
Create
Leaderboards
Showdown
Live 5
Trivia Bingo
Activity
Puzzle Library
Sporcle Events
Private Events
Virtual Trivia
Globe League
Become a Host
Pub Owners
SporcleCon
Opinionation
Our Games
Videos
Blog
Mobile Apps
Partnerships
Remove Ads and Go Orange
Feedback
Science
Computer
Plants
Astronomy
Chemistry
Elements
Math
Animal
Physics
Anatomy
Biology
Geology
General Science
Science
Computer
Plants
Astronomy
Chemistry
Elements
Math
Animal
Physics
Anatomy
Biology
Geology
General Science
Random Quiz
Search Sporcle
×
Curator Pick
Curator Pick
Science
Computer
Select answers by clicking on text or image buttons
Select answers by clicking on text or image buttons
Clickable
Best Score? Go Orange.
Real Apple Computers Stats
Can you pick the computers currently or formerly made by Apple and avoid the decoys?
By
Dalek_Harkness
10m
59 Questions
447 Plays
447 Plays
447 Plays
Comments
Comments
Give Quiz Kudos
Give Quiz Kudos
-
- Ratings
hide this ad
More Info
Random Order
Randomize order of answers
Randomize order of answers
Replay
Link that replays current quiz
Next Quiz
Link to next quiz in quiz playlist
You Got
0%
They Got
Avg Score
46%
Avg Friend Score
Upgrade to see
Score Distribution
Jump to the score distribution portion of the page
Score
0/59
Timer
10:00
0
Plays Today
% Correct
iPod Nano
63.3%
MacBook Air
61.7%
MacBook Pro
60.6%
iPod Classic
59.7%
iPad Pro
59.5%
iPad
59.3%
iPod Shuffle
59.1%
MacBook
59.1%
iPhone
59.1%
iPod Touch
59.1%
Mac Pro
58.8%
Apple II
58.6%
Apple Watch
58.2%
Macintosh II
57.7%
Apple TV
57.7%
iPad Mini
57.7%
iPod Mini
57.3%
Apple III
56.8%
iMac
56.8%
iMac Pro
56.4%
Macintosh Color Classic
55.5%
Macintosh Classic
54.1%
Macintosh Color Classic II
53.5%
Apple I
53%
PowerBook
51%
Macintosh LC III
51%
Macintosh Plus
50.8%
Macintosh SE
50.8%
Macintosh LC II
50.6%
Macintosh Classic II
50.3%
% Correct
iPhone SE
50.3%
Power Mac
50.1%
Mac Mini
49.9%
iPhone Plus
49.7%
iBook
48.5%
Macintosh Portable
48.3%
Macintosh 128K
48.1%
Macintosh LC
47.4%
Macintosh 512K
47.2%
Macintosh Portable II
44.7%
Macintosh XL
43.6%
Macintosh LC III+
42.7%
Apple Network Server
42.3%
Macintosh Server
41.4%
PowerBook Duo
40%
Apple Pencil
40%
Twentieth Anniversary Macintosh
39.6%
Macintosh TV
38%
Lisa
34.2%
Newton
34%
eMac
32.4%
Lisa 2
28.4%
Performa
22.4%
Quadra
21.7%
Bandai Pippin
19.9%
Xserve
18.3%
Workgroup Server
18.1%
Centris
17.7%
eMate
13.4%
Quiz Playlist
Details
Report
Send in Message
Add To Playlist
More Info:
Families of products distinguished only by serial number are counted as single products to keep this quiz from breaking the 300-answer limit.
Clickable:
Select answers by clicking on text or image buttons
Random Order:
Randomize order of answers
Last Updated: Sep 3, 2017
Curator Pick in
Computer
Quiz Scoreboard
CHALLENGE
Sign Up to Join the Scoreboard
Show All
Scores
Hide
Comments
May contain spoilers
Recently Published
5x2 Blitz: Bands
by SL_Kpop136
Music
30s
Colored Red Africa Blitz
by spor1
Geography
30s
Find the 'City' Movie
by crazypaving
Movies
60s
More to Explore
Quiz From the Vault
Featured Blog Post
14 Easter Pick-up Lines to Find Eggs With
hide this ad
You Might Also Like...
Tags
Computer Quiz
apple
Apple Macintosh
Apple Products
Real or Fake
Today's Top Quizzes in Science
Browse Science
hide this ad
Today's Top Quizzes in Computer
Browse Computer
Top Contributed Quizzes in Science
1
Windmill: Elements
2
17 TIMES TABLE
3
Glycolysis
4
Square Numbers Scrambled (1-50)
5
Astronomy Spelling Bee
6
'C' Flowers II
7
Vet Tech Pharmacology Drug Contraindications
8
Missing Vowel Minefield: Lanthanides
9
Sorting Squares: Animals by Continent
10
3-letter Elementary Words
Explore More
Trending Topics
NBA
Kpop
Crossword
Harry Potter
Anime
Disney
Marvel
WWE
Puzzle
NFL
Song
Soccer
The Office
Pokémon
Country
hide this ad
More By:
Dalek_Harkness
Quiz
Plays
Rating
Category
Featured
Created
States that Border Alaska
21,039
3.68
Geography
Nov 21, 2016
Word Hourglass: 1989 Single
8,644
4.42
Just For Fun
Mar 13, 2018
Word Ladder: Spacebound
4,914
4.27
Just For Fun
Apr 3, 2017
Operating Systems by Desktop
2,184
3.96
Science
Feb 27, 2017
Album Map: Red
1,866
4.71
Music
Aug 6, 2017
Go to Creator's Profile
Score Distribution
Quiz Creator Spotlight
Dalek_Harkness
Follow
Send a Message
Quizzes Created
-
Created Quiz Play Count
-
More By This Creator
Popular Quizzes Today
1
Colored Red Africa Blitz
2
Find the 'City' Movie
3
Find the US States - No Outlines Minefield
4
5x2 Blitz: Bands
5
The Countries of the World
6
Find the US States
7
Find the Countries of Europe - No Outlines Minefield
8
US States
More Science Quizzes
Mozambique Animals
Quiz Lab
Trending Quizzes
Colored Red Europe Blitz I
Colored Red Europe Blitz II
Colored Red Africa Blitz II
Colored Red Europe Blitz III
Colored Red Africa Blitz III
Recently Updated
How Do You Spell That?
pecheneg
Godzilla Movies
pecheneg
Grab Bag: 4-10 Letters
pecheneg
2024 March Madness Bracket
pecheneg
Famous TV Couples
Peacemaker
Champions League XIs: Real Madrid
pecheneg
Largest US Cities 1790-2010
pecheneg
Rides in Walt Disney World
pecheneg
Most Oscar Losses (Acting)
pecheneg
Beyoncé Albums
pecheneg
Trending Topics
Crossword
Disney
NBA
Kpop
Harry Potter
Marvel
Anime
NFL
Soccer
The Office
WWE
Puzzle
Pokémon
Song
Country
Your Account Isn't Verified!
In order to create a playlist on Sporcle, you need to verify the email address you used during registration. Go to your
Sporcle Settings
to finish the process.
Report this User
Report this user for behavior that violates our
Community Guidelines
.
Details:
Send Report
Go to the Sporcle.com Mobile Site →
Comments